| 000 | 00979cam a2200181ua 4500 | ||
|---|---|---|---|
| 020 | _c3.50 | ||
| 041 |
_aeng _h |
||
| 082 |
_a954 _bMIN/AB |
||
| 110 | 1 |
_aMinistry of Information and Broadcasting . _b _c(Government of India ) |
|
| 245 |
_aAbout India / _cMinistry of Information And Broadcasting, Government of India. _hTextual Documents |
||
| 250 |
_a1 / _b. |
||
| 260 |
_aIndia : _bMinistry of I&B, Govt. of India , _c1958. |
||
| 300 | _a160 ; . | ||
| 365 | _a3.50 | ||
| 504 | _a | ||
| 942 | _cBK | ||
| 999 |
_c6576 _d6576 |
||